• 首页
  • 本馆介绍
  • 公告通知
  • 最新文献
  • 馆藏检索
  • 电子资源
  • 读者导购
  • 参考咨询
  • 我的图书馆
  • 登录
  • 详细信息显示
  • 放入我的书架
  • 预约/预借图书
  • 作者相关作品
  • 分类相关作品
  • 丛书相关作品
  • 出版社相关作品

书目信息

  • 表格格式
  • 工作单格式
  • 卡片格式
题名:
为爱阅读
    
 
作者: 卢春艳 著 ;刘语畅 图
分册:  
出版信息: 保定   河北大学出版社  2019.11
页数: 267页
开本: 24cm
丛书名:
单 册:
中图分类: G781-49
科图分类:
主题词: 亲子教育--qin zi jiao yu--通俗读物
电子资源:
ISBN: 978-7-5666-1546-6
000 01066nam0 2200253 450
001 0109110029
005 20201109110332.0
010    @a978-7-5666-1546-6@dCNY79.00
100    @a20200713d2019 em y0chiy50 ea
101 0  @achi
102    @aCN@b130000
105    @aa z 000yy
106    @ar
200 1  @a为爱阅读@Awei ai yue dou@f卢春艳著@g刘语畅图
210    @a保定@c河北大学出版社@d2019.11
215    @a267页@c彩图,彩照@d24cm
300    @a2019年度河北省社会科学普及读物出版资助项目
330    @a这本书是一份爱的礼物,里面记录了作者和孩子一起亲子共读的多个日子,记录着作者母女一起看过的多册绘本,记录了与书相伴的点点滴滴,记录着母女花费心力一步一步走过的人生。作者从30万字的阅读日记中精选整理了100篇文章,文章里面既有对绘本的专业评价,也有个人的阅读感受。这本书的前言和后记分别是给孩子的两封信,也记述了这本书的成书过程和心路历程。
606 0  @a亲子教育@Aqin zi jiao yu@j通俗读物
690    @aG781-49@v5
701  0 @a卢春艳@Alu chun yan@4著
702  0 @a刘语畅@Aliu yu chang@4图
801  0 @aCN@bBJSZM@c20201103
905    @b1264321-5@dG781-49@e2254@f5
    
    为爱阅读/卢春艳著/刘语畅图.-保定:河北大学出版社,2019.11
    267页:彩图,彩照;24cm
    2019年度河北省社会科学普及读物出版资助项目
    
    ISBN 978-7-5666-1546-6:CNY79.00
    这本书是一份爱的礼物,里面记录了作者和孩子一起亲子共读的多个日子,记录着作者母女一起看过的多册绘本,记录了与书相伴的点点滴滴,记录着母女花费心力一步一步走过的人生。作者从30万字的阅读日记中精选整理了100篇文章,文章里面既有对绘本的专业评价,也有个人的阅读感受。这本书的前言和后记分别是给孩子的两封信,也记述了这本书的成书过程和心路历程。
●
相关链接 在E读中查询图书 在五车中查询图书 在当当中查询图书 在豆瓣中查询图书


正题名:为爱阅读     索取号:G781-49/2254         预约/预借

序号 登录号 条形码 馆藏地/架位号 状态 备注
1 1264321   212643219   第一样本阅览室/ [索取号:G781-49/2254] 在馆    
2 1264322   212643228   教育系资料室/ [索取号:G781-49/2254] 在馆    
3 1264323   212643237   教育系资料室/ [索取号:G781-49/2254] 在馆    
4 1264324   212643246   第四借阅区/ [索取号:G781-49/2254] 在馆    
5 1264325   212643255   第四借阅区/ [索取号:G781-49/2254] 在馆    
唐山师范学院图书馆 欢迎您!
大连网信软件有限公司© 版权所有